ZKM Gdynia - 135 - Statystyki

Ogólne statystyki
  • Ten quiz został rozwiązany 7 razy
  • Średni wynik to 15 z 19
Statystyki odpowiedzi
Miejscowość Przystanek Ulica % Poprawnych
Gdynia Pogórze Dolne Unruga
100%
Gdynia Czernickiego I Czernickiego
83%
Gdynia Czernickiego II Czernickiego
83%
Gdynia Kuśnierska Unruga
83%
Gdynia Obłuże Centrum Estakada Kwiatkowskiego
83%
Gdynia Podgórska Unruga
83%
Pogórze Pogórze Górne Wiejska
83%
Suchy Dwór Suchy Dwór - Świetlica Szkolna
83%
Suchy Dwór Suchy Dwór - Szkolna Szkolna
83%
Gdynia Terminal Kontenerowy Kontenerowa
83%
Gdynia Żelazna Unruga
83%
Gdynia Żeliwna Unruga
83%
Dębogórze Dębogórze - Gronowa Chmielna
67%
Dębogórze Dębogórze - Owocowa Pomorska
67%
Dębogórze Dębogórze - Słonecznikowa Pomorska
67%
Dębogórze Dębogórze - Szkoła Pomorska
67%
Pogórze Pogórze - Majakowskiego Szkolna
67%
Pogórze Pogórze - Szkolna Szkolna
67%
Dębogórze Dębogórze - Okopowa Pomorska
50%
Nie znaleziono quizów pasujących do podanych kryteriów
Rozkład punktacji
Procent ludzi z każdym wynikiem
Percentyl według liczby udzielonych odpowiedzi
Twoja historia wyników
Nie rozwiązałeś tego quizu